ბათუმის შოთა რუსთაველის სახელმწიფო უნივერსიტეტის ბიბლიოთეკა

ლუკა ასათიანი / (ბიბ.ჩანაწერი № 36414)

000 -ლიდერი
ფიქსირებული სიგრძის საკონტროლო ველი 01033nam a2200241Ia 4500
001 - საკონტროლო ნომერი
საკონტროლო ველი 2328
003 - საკონტროლო ნომრის იდენტიფიკატორი
საკონტროლო ველი GE_BSU
005 - ბოლო ოპერაციის თარიღი და დრო
საკონტროლო ველი 20190603154015.0
008 - ფიქსირებული სიგრძის მონაცემთა ელემენტები - ზოგადი ინფორმაცია
ფიქსირებული სიგრძის საკონტროლო ველი 181216s||||||||xx |||||||||||||| ||und||
040 ## - კატალოგიზაციის წყარო
Transcribing agency GE_BSU
041 ## - ენის კოდი
Language code of text/sound track or separate title geo
080 ## - უნივერსალური ათობითი კლასიფიკაციის ინდექსი
Universal Decimal Classification number 94(479.22) ს–96
100 ## - მთავარი ჩანაწერი - პიროვნების სახელი
Personal name სურმანიძე, რამაზ
9 (RLIN) 1529
245 ## - ცნობა სათაურის შესახებ
Title ლუკა ასათიანი /
Statement of responsibility, etc რამაზ სურმანიძე; რედ.ოთარ გოგოლიშვილი.
264 ## - წარმოების, გამოცემის, დისტრიბუციის და სხვა ცნობები
გამოცემის, წარმოების, დისტრიბუციის... ადგილი თბილისი :
გამოცემის, წარმოების, დისტრიბუციის... სახელწოდება შპს "გამომცემლობა ფავორიტი",
გამოცემის, წარმოების, დისტრიბუციის... თარიღი 2011.
300 ## - ფიზიკური აღწერა
Extent 203 გვ.
Other physical details 21სმ.
600 ## - SUBJECT ADDED ENTRY--PERSONAL NAME
Personal name ასათიანი ლუკა
9 (RLIN) 1987
653 ## - INDEX TERM--UNCONTROLLED
Uncontrolled term ბათუმის ისტორია
653 ## - INDEX TERM--UNCONTROLLED
Uncontrolled term ბათუმის მმართველები
653 ## - INDEX TERM--UNCONTROLLED
Uncontrolled term ქართული გვარ-სახელები
700 ## - ADDED ENTRY--PERSONAL NAME
Personal name გოგოლიშვილი, ოთარ
Relator term რედაქტორი
9 (RLIN) 930
942 ## - ADDED ENTRY ELEMENTS (KOHA)
Koha item type წიგნი
Source of classification or shelving scheme
ეგზემპლარები
ჩამოწერის სტატუსი დაკარგული ეგზემპლარის სტატუსი კლასიფიკაციის წყარო ან თაროზე გაწყობის სქემა დაზიანების სტატუსი არ გაიცემა მუდმივი მდებარეობა (დაცვის ადგილი) ამჟამინდელი ადგილსამყოფელი თაროზე განთავსების ადგილი შეძენის თარიღი ღირებულება, შესყიდვის ნორმალური ფასი სრული შენახვის შიფრი შტრიხკოდი ბოლო ოპერაციის თარიღი ეგზემპლარის მიმდევრობითი ნომერი (კეტერი?) ფასის ძალაში შესვლის თარიღი ეგზემპლარის სახეობა საჯარო შენიშვნა
          ბათუმის შოთა რუსთაველის სახელმწიფო უნივერსიტეტის მთავარი ბიბლიოთეკა ბათუმის შოთა რუსთაველის სახელმწიფო უნივერსიტეტის მთავარი ბიბლიოთეკა წიგნსაცავი 2018-12-17 8.00 94(479.22) ს–96 4507 2018-12-17 4507 2018-12-17 წიგნი 8 ლ.
          ბათუმის შოთა რუსთაველის სახელმწიფო უნივერსიტეტის მთავარი ბიბლიოთეკა ბათუმის შოთა რუსთაველის სახელმწიფო უნივერსიტეტის მთავარი ბიბლიოთეკა   2018-12-17 8.00 94(479.22) 4508 2018-12-17 4508 2018-12-17 წიგნი 8 ლ.
          ბათუმის შოთა რუსთაველის სახელმწიფო უნივერსიტეტის მთავარი ბიბლიოთეკა ბათუმის შოთა რუსთაველის სახელმწიფო უნივერსიტეტის მთავარი ბიბლიოთეკა წიგნსაცავი 2018-12-17 8.00 94(479.22) ს–96 4509 2018-12-17 4509 2018-12-17 წიგნი 8 ლ.